<?xml version="1.0" encoding="UTF-8"?>
<record
    xmlns:xsi="http://www.w3.org/2001/XMLSchema-instance"
    xsi:schemaLocation="http://www.loc.gov/MARC21/slim http://www.loc.gov/standards/marcxml/schema/MARC21slim.xsd"
    xmlns="http://www.loc.gov/MARC21/slim">

  <leader>01509nab a2200229uuc4500</leader>
  <controlfield tag="001">1562097</controlfield>
  <controlfield tag="005">20250307143536.0</controlfield>
  <controlfield tag="008">210913m01uu2020                    spa  </controlfield>
  <datafield tag="035" ind1=" " ind2=" ">
    <subfield code="a">1562097</subfield>
  </datafield>
  <datafield tag="040" ind1=" " ind2=" ">
    <subfield code="c">comduadb</subfield>
  </datafield>
  <datafield tag="041" ind1=" " ind2=" ">
    <subfield code="a">spa</subfield>
  </datafield>
  <datafield tag="100" ind1="1" ind2="0">
    <subfield code="a">Valacchi, Federico </subfield>
    <subfield code="4">aut</subfield>
    <subfield code="e">aut</subfield>
    <subfield code="9">811517</subfield>
  </datafield>
  <datafield tag="245" ind1="1" ind2="1">
    <subfield code="a">"Quiddam divinum". Reflexiones sobre el m&#xE9;todo hist&#xF3;rico</subfield>
  </datafield>
  <datafield tag="336" ind1=" " ind2=" ">
    <subfield code="a">texto</subfield>
    <subfield code="b">txt</subfield>
    <subfield code="0">(uri)http://www.rdaregistry.info/termList/RDAContentType/#1020</subfield>
    <subfield code="2">rdacontent</subfield>
  </datafield>
  <datafield tag="520" ind1="3" ind2=" ">
    <subfield code="a">RESUMEN: Hoy en d&#xED;a, reflexionar sobre los archivos significa tener la capacidad de evaluarlos incluso fuera de una dimensi&#xF3;n exclusivamente hist&#xF3;rico-cultural. Es precisamente para defender el valor de la memoria hist&#xF3;rica que representan los archivos en su complejidad que hace falta identificar estrategias que hagan a los archivos mismos menos obsoletos, por as&#xED; decirlo. El art&#xED;culo se centra en los problemas de la aplicaci&#xF3;n del m&#xE9;todo hist&#xF3;rico a las producciones documentales, enfatizando la necesidad de una comparaci&#xF3;n constante entre el m&#xE9;todo y el presente.</subfield>
  </datafield>
  <datafield tag="650" ind1=" " ind2="7">
    <subfield code="a">Archivos hist&#xF3;ricos</subfield>
    <subfield code="2">lemb</subfield>
    <subfield code="9">47666</subfield>
  </datafield>
  <datafield tag="650" ind1=" " ind2=" ">
    <subfield code="a">M&#xE9;todo hist&#xF3;rico</subfield>
    <subfield code="9">64803</subfield>
  </datafield>
  <datafield tag="650" ind1=" " ind2=" ">
    <subfield code="a">Valoraci&#xF3;n documental</subfield>
    <subfield code="9">223172</subfield>
  </datafield>
  <datafield tag="650" ind1=" " ind2="7">
    <subfield code="a">Memoria colectiva</subfield>
    <subfield code="2">armarc</subfield>
    <subfield code="9">30649</subfield>
  </datafield>
  <datafield tag="773" ind1="0" ind2=" ">
    <subfield code="t">Tabula : Estudios Archiv&#xED;sticos de Castilla y Le&#xF3;n (Salamanca)</subfield>
    <subfield code="g">N&#xFA;mero 23 de Enero-Diciembre de 2020. Recalculando archivos. Reflexiones en tiempos de crisis, 77-96</subfield>
    <subfield code="w">(CO-MdUADB)1499085</subfield>
    <subfield code="x">1132-6506</subfield>
    <subfield code="0">791116</subfield>
    <subfield code="9">946399</subfield>
    <subfield code="o">01090067</subfield>
  </datafield>
  <datafield tag="942" ind1=" " ind2=" ">
    <subfield code="c">ARIMP</subfield>
  </datafield>
  <datafield tag="999" ind1=" " ind2=" ">
    <subfield code="c">828211</subfield>
    <subfield code="d">828211</subfield>
  </datafield>
</record>
